Trace elements in nutrition of children, II / (Record no. 17)
[ view plain ]
| 000 -LEADER | |
|---|---|
| fixed length control field | 01123cam a2200301 a 4500 |
| 001 - CONTROL NUMBER | |
| control field | 4833191 |
| 005 - DATE AND TIME OF LATEST TRANSACTION | |
| control field | 20240826122226.0 |
| 008 - FIXED-LENGTH DATA ELEMENTS--GENERAL INFORMATION | |
| fixed length control field | 900810s1991 sz a b 101 0 eng c |
| 020 ## - INTERNATIONAL STANDARD BOOK NUMBER | |
| International Standard Book Number | 0881677418 |
| 050 00 - LIBRARY OF CONGRESS CALL NUMBER | |
| Classification number | RJ399.T7 |
| Item number | TRA 1991 |
| 082 00 - DEWEY DECIMAL CLASSIFICATION NUMBER | |
| Classification number | 618.92/39 |
| Edition information | 20 |
| 245 00 - TITLE STATEMENT | |
| Title | Trace elements in nutrition of children, II / |
| Statement of responsibility, etc. | editor, Ranjit Kumar Chandra. |
| 260 ## - PUBLICATION, DISTRIBUTION, ETC. | |
| Place of publication, distribution, etc. | New York : |
| Name of publisher, distributor, etc. | Raven Press, |
| Date of publication, distribution, etc. | c1991. |
| 300 ## - PHYSICAL DESCRIPTION | |
| Extent | xv, 232 p. : |
| Other physical details | ill. ; |
| Dimensions | 25 cm. |
| 440 #0 - SERIES STATEMENT/ADDED ENTRY--TITLE | |
| Title | Nestlé Nutrition workshop series ; |
| Volume/sequential designation | v. 23 |
| 500 ## - GENERAL NOTE | |
| General note | Proceedings of the 23rd Nestle Nutrition workshop held in Marrakech, Morocco, May 24-27, 1989. |
| 500 ## - GENERAL NOTE | |
| General note | "Nestlé Nutrition." |
| 650 #0 - SUBJECT ADDED ENTRY--TOPICAL TERM | |
| Topical term or geographic name entry element | Trace element deficiency diseases in children |
| General subdivision | Congresses. |
| 650 #0 - SUBJECT ADDED ENTRY--TOPICAL TERM | |
| Topical term or geographic name entry element | Trace elements in nutrition |
| General subdivision | Congresses. |
| 650 #0 - SUBJECT ADDED ENTRY--TOPICAL TERM | |
| Topical term or geographic name entry element | Infants |
| General subdivision | Nutrition |
| -- | Congresses. |
| 650 #0 - SUBJECT ADDED ENTRY--TOPICAL TERM | |
| Topical term or geographic name entry element | Children |
| General subdivision | Nutrition |
| -- | Congresses. |
| 650 #0 - SUBJECT ADDED ENTRY--TOPICAL TERM | |
| Topical term or geographic name entry element | Trace elements |
| General subdivision | Toxicology |
| -- | Congresses. |
| 650 #2 - SUBJECT ADDED ENTRY--TOPICAL TERM | |
| Topical term or geographic name entry element | Child Nutrition |
| General subdivision | congresses. |
| 650 #2 - SUBJECT ADDED ENTRY--TOPICAL TERM | |
| Topical term or geographic name entry element | Infant Nutrition |
| General subdivision | congresses. |
| 650 #2 - SUBJECT ADDED ENTRY--TOPICAL TERM | |
| Topical term or geographic name entry element | Trace Elements |
| General subdivision | congresses. |
| 700 1# - ADDED ENTRY--PERSONAL NAME | |
| Personal name | Chandra, Ranjit Kumar. |
| 942 ## - ADDED ENTRY ELEMENTS (KOHA) | |
| Source of classification or shelving scheme | Library of Congress Classification |
| Koha item type | Books |
| Suppress in OPAC | No |
| 999 ## - | |
| -- | 17 |
| -- | 17 |
| Withdrawn status | Lost status | Source of classification or shelving scheme | Damaged status | Not for loan | Collection | Home library | Current library | Shelving location | Date acquired | Total checkouts | Full call number | Barcode | Date last seen | Copy number | Price effective from | Koha item type |
|---|---|---|---|---|---|---|---|---|---|---|---|---|---|---|---|---|
| Library of Congress Classification | Non-fiction | Science Library (Miotso) | Science Library (Miotso) | General stacks | 02/23/2025 | RJ399.T7 TRA | SLM00003849 | 02/23/2025 | 1 | 02/23/2025 | Books | |||||
| Library of Congress Classification | Non-fiction | Science Library (Miotso) | Science Library (Miotso) | General stacks | 02/23/2025 | RJ399.T7 TRA | SLM00003850 | 02/23/2025 | 2 | 02/23/2025 | Books | |||||
| Library of Congress Classification | Non-fiction | Science Library (Miotso) | Science Library (Miotso) | General stacks | 02/23/2025 | RJ399.T7 TRA | SLM00003851 | 02/23/2025 | 3 | 02/23/2025 | Books | |||||
| Library of Congress Classification | Non-fiction | Undergraduate Library (Christ Temple) | Undergraduate Library (Christ Temple) | General stacks | 08/26/2024 | RJ399.T7 TRA | ULCT00000006 | 08/26/2024 | 1 | 08/26/2024 | Books | |||||
| Library of Congress Classification | Non-fiction | Undergraduate Library (Christ Temple) | Undergraduate Library (Christ Temple) | General stacks | 08/26/2024 | RJ399.T7 TRA | ULCT00000007 | 08/26/2024 | 2 | 08/26/2024 | Books |